Statistiques concernant Les plus grands acteurs de tous les temps (pt. 1)

Cliquez ici pour prendre le quiz!

Statistiques générales

  • Ce quiz a été pris 361 fois
  • Le résultat moyen est 10 sur 20

Statistiques - réponses

Réponse% Correct
Leonardo DiCaprio
97%
Johnny Depp
93%
Tom Hanks
91%
Morgan Freeman
88%
Robert de Niro
77%
Denzel Washington
72%
Jack Nicholson
72%
Al Pacino
63%
Marlon Brando
57%
Daniel Day-Lewis
37%
Steve McQueen
36%
Humphrey Bogart
29%
Cary Grant
28%
Henry Fonda
28%
Clark Gable
26%
Paul Newman
24%
Sidney Poitier
23%
James Stewart
21%
Gregory Peck
14%
Laurence Olivier
6%

Distribution des résultats

Percentile par nombre de réponses

% des personnes avec chaque résultat

Votre développement - résultats

Vous n’avez pas pris ce quiz